1233 1908 1335 1094 1716 1412 1053 1927 1524 1253 1075 1957 1175 1842 1463 1845 1913 1936 1186 1675 1169 1257 1346 1195 1650 1506 1735 1875 1059 1166 1253 1219 1763 1414 1184 1851 1175 1578 1291 1393 1221 1667 1361 1866 1258 1943 1042 1677 1316 1754 1180 1855 1713 1878 1205 1946 1168 1382 1154 1950 1280 1924 1053 1127 1693 1870 1487 1228 1157 1204 1376 1790 1763 1074 1420 1329 1916 1022 1855 1338 1031 1420 1934 1718 1754 1454 1072 1674 1415 1752 1772 1535 1334 1656 1707 1736 1203 1257 1803 BCNSPRNW ULIB Ver.6.0+V

เปลี่ยนเป็นภาษาไทย

Change to English
 แสดงรายละเอียดบรรณานุกรม
  กลับหน้าหลัก

Brief Record : Get Marc (ISO 2709) : E-mail record : QR code < ปิดหน้าต่าง
LEADER : 00000nas 2200000uu 4500
001    13399126837
003     ULIB
008    190528s2018||||th 000 0 tha d
022 0  ^a26729148
245 00 ^aวารสารสาธารณสุขและวิทยาศาสตร์สุขภาพ^bวิทยาลัยการสาธารณสุขสิรินธร จังหวัดตรัง
310    ^aรายสี่เดือน
850 ^a ULIB^bฉบับที่ 3 ปีที่ 1 ฉ.1
945    ^p0^l0^i905236
999    ^aประนอม เกษจรัล
รายการนี้ยังไม่มีแท็ก
คุณยังไม่ได้ล็อกอิน คุณสามารถมีกิจกรรมร่วมกับเว็บไซต์ได้ แต่ต้องล็อกอินก่อน ::
  ล็อกอิน

รายการสื่อสารสนเทศ (วารสาร)

ดูแบบ: กล่อง รายการ
ARRIVED
ฉบับที่ 3 ปีที่ 1 ฉ.1
สถานที่: ห้องสมุดวิทยาเขตสวรรค์ประชารักษ์ >วารสาร

BibComment


ยังไม่เคยถูกคอมเมนท์

คอมเมนท์ทรัพยากรรายการนี้
  คอมเมนท์: วารสารสาธารณสุขแ..


 Copyright 2026. Bcnsprnw @Library